000 01056cab a2200265 4500
001 ABS48839
008 090401t1993 xxu||||| |||| 00| 0 eng d
035 _a(Sirsi) u68752
041 _aeng
100 _aMcKibbin, E.
245 _aTenants` continuing liability: a two tier system
260 _c1993
350 _a0
490 _aEstates Gazette
_v(9322) 5 June 1993, 90-91(2)
520 _aExamines privity of contract, highlighting the continuing liability of parties other than the tenant, liability after terms of the lease have been changed after assignment, comments offered to the Law Commission working on reform proposals and the two tier property market, which could result in the decision not to make legislation on the abolition of privity of contract retrospective.
650 _aCONTINUING LIABILITY
650 _aLEASES
650 _aPRIVITY OF CONTRACT
650 _aRECESSION
650 _aREFORM
650 _aTWO-TIER MARKET
690 _aLANDLORD AND TENANT-BUSINESS TENANCIES
942 _n0
948 _c04/03/1997
999 _c43149
_d43149